| 000 | 00395nam a22001217a 4500 | ||
|---|---|---|---|
| 020 | _a978-0-12-405874-3 | ||
| 040 |
_adlc _cdlc _ddlc _edlc |
||
| 082 |
_2620.3 _bDON |
||
| 245 | _aIntelligent Vibration Control in Civil Engineering Structures/ Zhao-Dong Xu | ||
| 260 |
_aEngland _bElsevier _c2015 |
||
| 440 |
_aIntelligent Vibration Control in Civil Engineering Structures _9112824 |
||
| 942 |
_2ddc _cBK |
||
| 999 |
_c594867 _d594867 |
||